[Event "Titled Tuesday 2021.11.30"]
[Site "chess.com INT"]
[Date "2021.11.30"]
[Round "8"]
[White "Yang, Kaiqi"]
[Black "Kanyamarala, Tarun"]
[Result "0-1"]
[WhiteElo "2481"]
[BlackElo "2321"]
[PlyCount "88"]
[EventDate "2021.11.30"]
[EventType "swiss (blitz)"]
[EventRounds "11"]
[EventCountry "NET"]
[Source "Mark Crowther"]
[SourceDate "2021.12.06"]

1. e4 c5 2. Nf3 Nc6 3. Bb5 e6 4. O-O Nge7 5. Re1 Nd4 6. Nxd4 cxd4 7. c3 a6 8.
Bf1 Nc6 9. d3 Bc5 10. Nd2 Ba7 11. Nf3 O-O 12. c4 e5 13. g3 d6 14. Nh4 Ne7 15.
Bg2 Bb6 16. Bd2 Nc6 17. b4 Be6 18. a4 a5 19. b5 Nb4 20. Bf1 Qd7 21. Rb1 Bd8 22.
Ng2 Bg4 23. f3 Be6 24. f4 f6 25. f5 Bf7 26. g4 Na2 27. Qf3 Nc3 28. Ra1 g5 29.
fxg6 hxg6 30. Bh6 Re8 31. h4 Be6 32. g5 f5 33. exf5 Bxf5 34. Kh2 Bc7 35. Kg1
Rab8 36. Kh1 d5 37. cxd5 Nxd5 38. Rac1 Nc3 39. Ra1 e4 40. dxe4 Bxe4 41. Qf2 Kh7
42. Qd2 Qd6 43. Kg1 Qh2+ 44. Kf2 Bg3# 0-1

[Event "Titled Tuesday 2021.11.30"]
[Site "chess.com INT"]
[Date "2021.11.30"]
[Round "9"]
[White "Navalgund, N."]
[Black "Yang, Kaiqi"]
[Result "0-1"]
[WhiteElo "2289"]
[BlackElo "2481"]
[PlyCount "134"]
[EventDate "2021.11.30"]
[EventType "swiss (blitz)"]
[EventRounds "11"]
[EventCountry "NET"]
[Source "Mark Crowther"]
[SourceDate "2021.12.06"]

1. e4 c5 2. d4 cxd4 3. c3 Nf6 4. e5 Nd5 5. g3 d6 6. exd6 Qxd6 7. Bg2 Nc6 8. Nf3
dxc3 9. O-O g6 10. Qb3 Bg7 11. Nxc3 Nxc3 12. bxc3 O-O 13. Ba3 Qc7 14. Rfe1 Be6
15. Rxe6 fxe6 16. Qxe6+ Kh8 17. Ng5 Nd8 18. Qh3 h6 19. Rd1 Qe5 20. Nf3 Qxc3 21.
Bc1 Rxf3 22. Bxh6 Kg8 23. Qg4 Rd3 24. Rc1 Qd4 25. Qxg6 Nf7 26. Bd5 Rd1+ 27. Kg2
Qxd5+ 28. Kh3 Qe5 29. Rxd1 Nxh6 30. g4 Rf8 31. Kg2 Qf6 32. Qc2 Qf3+ 33. Kg1
Nxg4 34. Rd2 Nxf2 35. Qc4+ Kh8 36. Qh4+ Kg8 37. Qc4+ Rf7 38. Qc8+ Kh7 39. Qc2+
Ne4 40. Qd3 Qxd3 41. Rxd3 Nd6 42. Rh3+ Kg8 43. Rb3 Rf5 44. Rd3 Rb5 45. Kg2 Rb2+
46. Kf3 Rxa2 47. h3 a5 48. Rd5 Ra1 49. Rc5 a4 50. Rc7 a3 51. Rxe7 a2 52. Kg2
Rg1+ 53. Kxg1 a1=Q+ 54. Kg2 b5 55. Rd7 Qd4 56. Rd8+ Kf7 57. h4 b4 58. h5 b3 59.
Rd7+ Ke6 60. Rxg7 Qxg7+ 61. Kh3 b2 62. h6 Qxh6+ 63. Kg4 b1=Q 64. Kf3 Qd1+ 65.
Kg2 Qg5+ 66. Kf2 Qdg1+ 67. Ke2 Q5e3# 0-1

[Event "Titled Tuesday 2021.11.30"]
[Site "chess.com INT"]
[Date "2021.11.30"]
[Round "10"]
[White "Yang, Kaiqi"]
[Black "Kiltti, J."]
[Result "0-1"]
[WhiteElo "2481"]
[BlackElo "2199"]
[PlyCount "132"]
[EventDate "2021.11.30"]
[EventType "swiss (blitz)"]
[EventRounds "11"]
[EventCountry "NET"]
[Source "Mark Crowther"]
[SourceDate "2021.12.06"]

1. e4 Nc6 2. d4 e5 3. Nf3 exd4 4. Bc4 Nf6 5. O-O Nxe4 6. Re1 d5 7. Bxd5 Qxd5 8.
Nc3 Qh5 9. Nxe4 Be6 10. Bg5 h6 11. Bf6 Be7 12. Bxg7 Rg8 13. Ng3 Qg6 14. Bxd4
O-O-O 15. c3 Bg4 16. Qb1 Bxf3 17. Qxg6 Rxg6 18. gxf3 Nxd4 19. Rxe7 Nxf3+ 20.
Kg2 Ng5 21. h4 Re6 22. Re1 Rxe1 23. Rxe1 Ne6 24. Kf3 Rd2 25. Rb1 Kd7 26. Ke3
Rd5 27. Ne4 Re5 28. Rd1+ Ke7 29. Kf3 Rf5+ 30. Kg2 Nf4+ 31. Kg3 Ne2+ 32. Kg2
Nf4+ 33. Kg3 Ne2+ 34. Kh3 Rf4 35. Nc5 Rxf2 36. Nxb7 f5 37. Nc5 h5 38. Nd3 Rf3+
39. Kg2 Re3 40. Kf2 Re4 41. Re1 Rxh4 42. Rxe2+ Kf6 43. Re8 Rh2+ 44. Kf3 Rh3+
45. Ke2 Rh2+ 46. Ke3 Rh3+ 47. Kd4 Rh2 48. a4 h4 49. b4 h3 50. Rh8 Kg5 51. b5
Kg4 52. Ne5+ Kf4 53. Rh4+ Kg3 54. Rh5 Rd2+ 55. Kc5 h2 56. a5 Re2 57. Kd5 Rd2+
58. Ke6 f4 59. c4 f3 60. Nxf3 Kxf3 61. a6 Kg2 62. c5 h1=Q 63. Rxh1 Kxh1 64. b6
cxb6 65. cxb6 axb6 66. a7 Ra2 0-1

[Event "Titled Tuesday 2021.11.30"]
[Site "chess.com INT"]
[Date "2021.11.30"]
[Round "11"]
[White "Nguyen, Hong Nhung"]
[Black "Yang, Kaiqi"]
[Result "0-1"]
[WhiteElo "1697"]
[BlackElo "2481"]
[PlyCount "150"]
[EventDate "2021.11.30"]
[EventType "swiss (blitz)"]
[EventRounds "11"]
[EventCountry "NET"]
[Source "Mark Crowther"]
[SourceDate "2021.12.06"]

1. e4 c5 2. Nc3 Nc6 3. Bb5 Nd4 4. Bc4 e6 5. Nge2 Ne7 6. O-O Nec6 7. d3 Be7 8.
f4 O-O 9. Nxd4 cxd4 10. Ne2 d5 11. Bb3 a5 12. a4 dxe4 13. dxe4 Bc5 14. Kh1 b6
15. Ng3 Ba6 16. Rf3 d3 17. Be3 Bxe3 18. Rxe3 Qd4 19. Qf3 Qxb2 20. Qd1 Nd4 21.
Rb1 dxc2 22. Rxb2 cxd1=Q+ 23. Bxd1 Rfc8 24. Rd2 Rd8 25. h3 g6 26. Rc3 b5 27.
Rcd3 Nc6 28. Rxd8+ Rxd8 29. Rxd8+ Nxd8 30. Be2 Kf8 31. axb5 Bb7 32. e5 Ke7 33.
Kg1 Kd7 34. Kf2 Kc7 35. Nf1 Kb6 36. Nd2 Bd5 37. g4 Kc5 38. Ke3 a4 39. Nb1 Nb7
40. h4 h6 41. h5 gxh5 42. gxh5 Kb4 43. Kd4 a3 44. Nxa3 Kxa3 45. f5 Kb4 46. fxe6
fxe6 47. Bg4 Kxb5 48. Be2+ Kb6 49. Ke3 Kc5 50. Kf4 Nd8 51. Bd3 Kd4 52. Bg6 Nc6
53. Be8 Nxe5 54. Bb5 Nd3+ 55. Kg4 Nc5 56. Be2 Be4 57. Kf4 e5+ 58. Kg4 Ke3 59.
Bb5 Ne6 60. Bd7 Nd4 61. Kh4 Kf4 62. Bg4 Bf3 63. Bd7 e4 64. Kh3 e3 65. Ba4 Bxh5
66. Kg2 Bf3+ 67. Kf1 h5 68. Ke1 h4 69. Bd7 Bg4 70. Bb5 Nxb5 71. Kf1 Nd4 72. Ke1
h3 73. Kf1 Kg3 74. Ke1 h2 75. Kf1 h1=Q# 0-1

[Event "Titled Tuesday 2021.11.23"]
[Site "chess.com INT"]
[Date "2021.11.23"]
[Round "1"]
[White "Jannatul, Ferdous"]
[Black "Yang, Kaiqi"]
[Result "0-1"]
[WhiteElo "1810"]
[BlackElo "2481"]
[PlyCount "112"]
[EventDate "2021.11.23"]
[EventType "swiss (blitz)"]
[EventRounds "11"]
[EventCountry "NET"]
[Source "Mark Crowther"]
[SourceDate "2021.11.29"]

1. e4 c5 2. Nf3 Nf6 3. e5 Nd5 4. c4 Nc7 5. Nc3 Nc6 6. Be2 g6 7. d3 Ne6 8. g3
Bg7 9. Bf4 d6 10. exd6 Nxf4 11. dxe7 Qxe7 12. gxf4 O-O 13. Nd5 Qd6 14. Qd2 Be6
15. Nc3 Rfe8 16. O-O-O a6 17. h4 b5 18. Ne4 Qe7 19. Qe3 Nd4 20. Ne5 Bf5 21. Bg4
Bxg4 22. Nxg4 f5 23. f3 bxc4 24. dxc4 fxe4 25. fxe4 Qxe4 26. Qxe4 Rxe4 27. Rhf1
Rb8 28. Rd2 h5 29. Nh2 Ne2+ 30. Kb1 Nxf4 31. Nf3 Re2 32. Rxe2 Nxe2 33. b3 Rf8
34. Nd2 Rxf1+ 35. Nxf1 Bf6 36. Nd2 Bxh4 37. Ne4 Be7 38. Kc2 h4 39. Kd3 Nc1+ 40.
Kc2 Nxa2 41. Nf2 Nb4+ 42. Kc3 Bf6+ 43. Kd2 Bd4 44. Nh3 Kf7 45. Ke2 Kf6 46. Kf3
Nd3 47. Kg4 Nf2+ 48. Kxh4 Nxh3 49. Kxh3 Kf5 50. Kg2 Ke4 51. Kg3 Kd3 52. Kg4 Kc3
53. Kg5 Kxb3 54. Kxg6 Kxc4 55. Kf7 a5 56. Ke6 a4 0-1

[Event "Titled Tuesday 2021.11.23"]
[Site "chess.com INT"]
[Date "2021.11.23"]
[Round "2"]
[White "Aitbayev, Aslan"]
[Black "Yang, Kaiqi"]
[Result "1-0"]
[WhiteElo "2427"]
[BlackElo "2481"]
[PlyCount "69"]
[EventDate "2021.11.23"]
[EventType "swiss (blitz)"]
[EventRounds "11"]
[EventCountry "NET"]
[Source "Mark Crowther"]
[SourceDate "2021.11.29"]

1. e4 c5 2. Nf3 Nf6 3. e5 Nd5 4. Nc3 Nxc3 5. dxc3 Nc6 6. Bf4 Qb6 7. b3 Qc7 8.
Qd2 e6 9. h4 h6 10. O-O-O a6 11. Kb1 b5 12. c4 b4 13. Bd3 a5 14. Qe2 a4 15. Bc1
Bb7 16. Bb2 Be7 17. Qe3 Qa5 18. Nd2 axb3 19. axb3 Nd4 20. Ne4 Bc6 21. Kc1 Qa2
22. Nd6+ Bxd6 23. exd6 O-O 24. Bxd4 cxd4 25. Qxd4 Qa3+ 26. Kd2 Qa5 27. Rhe1 Qd8
28. g3 Ra5 29. f4 Qa8 30. Ra1 f5 31. Rxa5 Qxa5 32. Ra1 Qd8 33. c5 Qb8 34. Rg1
Rc8 35. g4 1-0

[Event "Titled Tuesday 2021.11.23"]
[Site "chess.com INT"]
[Date "2021.11.23"]
[Round "3"]
[White "Yang, Kaiqi"]
[Black "Jarocka, Liwia"]
[Result "1-0"]
[WhiteElo "2481"]
[BlackElo "2006"]
[PlyCount "78"]
[EventDate "2021.11.23"]
[EventType "swiss (blitz)"]
[EventRounds "11"]
[EventCountry "NET"]
[Source "Mark Crowther"]
[SourceDate "2021.11.29"]

1. e4 c5 2. Nf3 Nc6 3. Bb5 g6 4. O-O Bg7 5. c3 d6 6. d4 cxd4 7. cxd4 Bd7 8. Nc3
Nf6 9. h3 O-O 10. Re1 Rc8 11. e5 Ne8 12. Bg5 h6 13. Bh4 g5 14. Bg3 dxe5 15.
dxe5 Nc7 16. Bd3 Ne6 17. Rc1 Nb4 18. Bb1 Bc6 19. Qe2 Nd5 20. Qe4 f5 21. exf6
Rxf6 22. Nxd5 Bxd5 23. Rxc8 Bxe4 24. Rxd8+ Nxd8 25. Bxe4 Ra6 26. Rd1 Nf7 27.
Bxb7 Rxa2 28. b3 Rb2 29. Bd5 Kf8 30. Be6 Re2 31. Bc4 Rb2 32. Rd7 h5 33. Rxa7
Bf6 34. h4 g4 35. Ng5 Nxg5 36. hxg5 Bxg5 37. Ra8+ Kg7 38. Be5+ Bf6 39. Bxb2
Bxb2 1-0

[Event "Titled Tuesday 2021.11.23"]
[Site "chess.com INT"]
[Date "2021.11.23"]
[Round "4"]
[White "Yang, Kaiqi"]
[Black "Ciorgovean, Iustin"]
[Result "1/2-1/2"]
[WhiteElo "2481"]
[BlackElo "2276"]
[PlyCount "76"]
[EventDate "2021.11.23"]
[EventType "swiss (blitz)"]
[EventRounds "11"]
[EventCountry "NET"]
[Source "Mark Crowther"]
[SourceDate "2021.11.29"]

1. e4 c5 2. Nc3 d6 3. d4 cxd4 4. Qxd4 Nc6 5. Qd2 g6 6. b3 Bh6 7. f4 e5 8. Nge2
Nf6 9. Bb2 O-O 10. O-O-O Nd4 11. g3 Bg4 12. Kb1 Nxe2 13. Bxe2 Bxe2 14. Qxe2 Qe7
15. f5 Rac8 16. h4 Rfd8 17. g4 Rxc3 18. Bxc3 Bf4 19. Bb2 Qc7 20. Rhf1 Nd7 21.
Qd3 Nc5 22. Qd5 Qc6 23. Rfe1 Bg3 24. Re2 Bxh4 25. Bxe5 dxe5 26. Qxd8+ Bxd8 27.
Rxd8+ Kg7 28. g5 gxf5 29. exf5 f6 30. Red2 fxg5 31. R2d6 Qh1+ 32. Kb2 Ne4 33.
R8d7+ Kf8 34. Rd8+ Ke7 35. R8d7+ Ke8 36. Rd8+ Ke7 37. R8d7+ Ke8 38. Rd8+ Ke7
1/2-1/2

[Event "Titled Tuesday 2021.11.23"]
[Site "chess.com INT"]
[Date "2021.11.23"]
[Round "5"]
[White "Arutinian, David"]
[Black "Yang, Kaiqi"]
[Result "0-1"]
[WhiteElo "2549"]
[BlackElo "2481"]
[PlyCount "156"]
[EventDate "2021.11.23"]
[EventType "swiss (blitz)"]
[EventRounds "11"]
[EventCountry "NET"]
[Source "Mark Crowther"]
[SourceDate "2021.11.29"]

1. Nf3 Nf6 2. c4 c6 3. e3 d5 4. Nc3 e6 5. b3 Nbd7 6. Bb2 Bd6 7. d4 O-O 8. Bd3
Re8 9. Qc2 e5 10. cxd5 cxd5 11. dxe5 Nxe5 12. Nxe5 Bxe5 13. Ne2 Qa5+ 14. Bc3
Bxc3+ 15. Qxc3 Qxc3+ 16. Nxc3 Bd7 17. Ne2 Rac8 18. Nd4 Ne4 19. f3 Rc3 20. Ke2
Nc5 21. Rhd1 Ne6 22. Kd2 Rec8 23. Ne2 R3c5 24. Rdc1 Kf8 25. Rxc5 Rxc5 26. Rc1
h6 27. h4 Ke7 28. Rxc5 Nxc5 29. Nd4 Ne6 30. Nf5+ Kf6 31. Nd6 b6 32. b4 Nc7 33.
g4 Ke7 34. Nf5+ Bxf5 35. Bxf5 Kd6 36. Kd3 a5 37. a3 axb4 38. axb4 Na6 39. Kc3
Nc7 40. f4 Nb5+ 41. Kd3 Nc7 42. Bc8 Nb5 43. Ba6 Na7 44. Bb7 Nb5 45. e4 dxe4+
46. Kxe4 Nc7 47. g5 Ke7 48. Kd4 Kd6 49. Bc8 Nd5 50. gxh6 gxh6 51. Ke4 Nxb4 52.
Kf5 Ke7 53. Ke5 Nd3+ 54. Ke4 Nc5+ 55. Kd5 Nd3 56. Ke4 Nc5+ 57. Kd5 Kf6 58. Kc6
Nd3 59. Kxb6 Nxf4 60. Kc5 Ng2 61. h5 Nf4 62. Kd4 Nxh5 63. Ke4 Kg5 64. Bd7 f5+
65. Kf3 Nf6 66. Bc8 h5 67. Be6 h4 68. Bc8 Ng4 69. Be6 Ne5+ 70. Kg2 Kg4 71. Bc8
Kg5 72. Kh3 Nd3 73. Bd7 Nf2+ 74. Kg2 Ng4 75. Kh3 Ne3 76. Bc8 Nd5 77. Bxf5 Nf4+
78. Kh2 Kxf5 0-1

[Event "Titled Tuesday 2021.11.23"]
[Site "chess.com INT"]
[Date "2021.11.23"]
[Round "6"]
[White "Yang, Kaiqi"]
[Black "Bocharov, Dmitry"]
[Result "0-1"]
[WhiteElo "2481"]
[BlackElo "2517"]
[PlyCount "80"]
[EventDate "2021.11.23"]
[EventType "swiss (blitz)"]
[EventRounds "11"]
[EventCountry "NET"]
[Source "Mark Crowther"]
[SourceDate "2021.11.29"]

1. e4 e5 2. Nf3 Nc6 3. Bc4 Bc5 4. c3 Nf6 5. d4 exd4 6. e5 d5 7. Bb5 Ne4 8. cxd4
Bb4+ 9. Bd2 Nxd2 10. Nbxd2 O-O 11. O-O Bd7 12. Rc1 Nxe5 13. Bxd7 Nxd7 14. Qb3
Bxd2 15. Nxd2 Nb6 16. Qg3 c6 17. Nb3 Nc4 18. Nc5 b6 19. Nd3 Rc8 20. b3 Nd2 21.
Rfe1 Ne4 22. Qe3 Re8 23. f3 Nd6 24. Qf4 Rxe1+ 25. Rxe1 Qf6 26. Qxf6 gxf6 27.
Re7 a5 28. Nf4 Nf5 29. Rb7 Nxd4 30. Nh5 b5 31. Nxf6+ Kg7 32. Nh5+ Kg6 33. Nf4+
Kf6 34. Nh5+ Kg5 35. g4 Nxf3+ 36. Kf2 Ne5 37. Kg3 Nxg4 38. Nf4 Ne5 39. Re7 Kf5
40. Nh5 c5 0-1

[Event "Titled Tuesday 2021.11.23"]
[Site "chess.com INT"]
[Date "2021.11.23"]
[Round "7"]
[White "Yang, Kaiqi"]
[Black "Erdogdu, M."]
[Result "1-0"]
[WhiteElo "2481"]
[BlackElo "2407"]
[PlyCount "81"]
[EventDate "2021.11.23"]
[EventType "swiss (blitz)"]
[EventRounds "11"]
[EventCountry "NET"]
[Source "Mark Crowther"]
[SourceDate "2021.11.29"]

1. e4 c5 2. Nf3 d6 3. Bb5+ Nd7 4. a4 Ngf6 5. Nc3 a6 6. Be2 g6 7. O-O b6 8. d4
cxd4 9. Nxd4 Bb7 10. Bf3 Ne5 11. Nd5 Bg7 12. Re1 O-O 13. c3 Nxf3+ 14. Nxf3 Nxd5
15. exd5 Rc8 16. Bg5 Re8 17. Qb3 Rc5 18. Rad1 Qa8 19. Rxe7 Rxe7 20. Bxe7 Bxd5
21. Qxb6 Bxf3 22. Rxd6 Rc8 23. gxf3 h5 24. Rd8+ Kh7 25. Kg2 Rxd8 26. Qxd8 Qc6
27. a5 Qe6 28. Qd6 Qe2 29. Bf6 Bh6 30. Qe7 Qc4 31. b4 Qd5 32. b5 g5 33. bxa6 g4
34. Qe4+ Qxe4 35. fxe4 Kg6 36. a7 Kxf6 37. a8=Q Bf4 38. Qd5 Be5 39. a6 h4 40.
a7 h3+ 41. Kg1 1-0

[Event "Titled Tuesday 2021.11.23"]
[Site "chess.com INT"]
[Date "2021.11.23"]
[Round "8"]
[White "Shkapenko, P."]
[Black "Yang, Kaiqi"]
[Result "1/2-1/2"]
[WhiteElo "2424"]
[BlackElo "2481"]
[PlyCount "31"]
[EventDate "2021.11.23"]
[EventType "swiss (blitz)"]
[EventRounds "11"]
[EventCountry "NET"]
[Source "Mark Crowther"]
[SourceDate "2021.11.29"]

1. e4 c5 2. c3 Nf6 3. e5 Nd5 4. d4 cxd4 5. cxd4 d6 6. Nf3 Nc6 7. Bc4 e6 8. O-O
Be7 9. Bd2 O-O 10. Nc3 Nxc3 11. Bxc3 dxe5 12. dxe5 Qxd1 13. Rfxd1 Rd8 14. Bd3
Bd7 15. Be4 Be8 16. Kf1 1/2-1/2

[Event "Titled Tuesday 2021.11.23"]
[Site "chess.com INT"]
[Date "2021.11.23"]
[Round "9"]
[White "Pakleza, Z."]
[Black "Yang, Kaiqi"]
[Result "1-0"]
[WhiteElo "2496"]
[BlackElo "2481"]
[PlyCount "111"]
[EventDate "2021.11.23"]
[EventType "swiss (blitz)"]
[EventRounds "11"]
[EventCountry "NET"]
[Source "Mark Crowther"]
[SourceDate "2021.11.29"]

1. d4 g6 2. Nf3 Bg7 3. Bf4 Nf6 4. e3 d6 5. h3 O-O 6. Be2 c5 7. c3 Nc6 8. O-O
cxd4 9. cxd4 Nd5 10. Bg3 e5 11. Nc3 Be6 12. Bh4 Qa5 13. Qd2 exd4 14. exd4 Rfe8
15. Rfe1 Rac8 16. Bg3 Rcd8 17. Bf1 h6 18. a3 Nxc3 19. bxc3 d5 20. Reb1 Rd7 21.
a4 Qd8 22. Bb5 Qc8 23. Ne5 Rde7 24. Nxc6 bxc6 25. Bf1 Bf5 26. Rb2 c5 27. a5
cxd4 28. cxd4 Qe6 29. a6 Kh7 30. Rb7 Qc6 31. Qb4 Re4 32. Rd1 Qc2 33. Qb1 Qxb1
34. Rdxb1 Bxd4 35. Rxf7+ Kg8 36. Rfb7 Re1 37. Rb8 Kf7 38. R1b7+ R8e7 39. Kh2
Rxf1 40. Bd6 Rxb7 41. axb7 Rb1 42. Rf8+ Ke6 43. b8=Q Rxb8 44. Bxb8 a5 45. Bf4
a4 46. Ra8 Bc2 47. Bxh6 Bb2 48. Bf8 d4 49. Bg7 a3 50. Bxd4 Bxd4 51. Rxa3 Be5+
52. g3 Bf5 53. f4 Bd4 54. Ra6+ Kf7 55. g4 Be4 56. Ra4 1-0

[Event "Titled Tuesday 2021.11.23"]
[Site "chess.com INT"]
[Date "2021.11.23"]
[Round "10"]
[White "Yang, Kaiqi"]
[Black "Vifleemskaia, S."]
[Result "1-0"]
[WhiteElo "2481"]
[BlackElo "1926"]
[PlyCount "41"]
[EventDate "2021.11.23"]
[EventType "swiss (blitz)"]
[EventRounds "11"]
[EventCountry "NET"]
[Source "Mark Crowther"]
[SourceDate "2021.11.29"]

1. e4 e5 2. Nf3 Nc6 3. Bb5 a6 4. Ba4 Nf6 5. d4 exd4 6. O-O b5 7. Bb3 Bc5 8. e5
Ng4 9. Bxf7+ Kxf7 10. Ng5+ Ke8 11. Qxg4 d6 12. Qh5+ g6 13. Qf3 Nxe5 14. Qxa8 c6
15. Bf4 Kd7 16. Bxe5 dxe5 17. Nf7 Qf6 18. Nxh8 Qxh8 19. Nd2 Kc7 20. Ne4 Bb6 21.
a4 1-0

[Event "Titled Tuesday 2021.11.23"]
[Site "chess.com INT"]
[Date "2021.11.23"]
[Round "11"]
[White "Mirzoev, A."]
[Black "Yang, Kaiqi"]
[Result "1-0"]
[WhiteElo "2420"]
[BlackElo "2481"]
[PlyCount "113"]
[EventDate "2021.11.23"]
[EventType "swiss (blitz)"]
[EventRounds "11"]
[EventCountry "NET"]
[Source "Mark Crowther"]
[SourceDate "2021.11.29"]

1. d4 g6 2. e4 Bg7 3. Nf3 d6 4. c3 b6 5. Bd3 Bb7 6. O-O e6 7. Re1 Ne7 8. a4 a6
9. Na3 Nd7 10. h3 h6 11. Nc2 Nf6 12. Bd2 d5 13. e5 Ne4 14. Ne3 Nf5 15. Nxf5
gxf5 16. Bf4 Rg8 17. Qc1 Qe7 18. Bxh6 Bxh6 19. Qxh6 O-O-O 20. Qh4 Qf8 21. Qf4
Rg6 22. Nh4 Rh6 23. f3 Qh8 24. Nxf5 exf5 25. Qxf5+ Kb8 26. fxe4 Rg8 27. Re3
Rhg6 28. Bf1 dxe4 29. Rae1 Qh6 30. Kh2 f6 31. exf6 Rxf6 32. Qe5 Rgf8 33. Bc4
Rf2 34. R1e2 Qg6 35. Qg3 Qf6 36. Rxf2 Qxf2 37. Qxf2 Rxf2 38. Re2 e3 39. Rxf2
exf2 40. Kg3 Bd5 41. Bf1 Bb3 42. Kxf2 Bxa4 43. g4 Bd7 44. Kg3 a5 45. g5 Kc8 46.
h4 Kd8 47. Kf4 Ke7 48. Ke5 b5 49. h5 b4 50. cxb4 axb4 51. h6 Kf7 52. Bd3 Kg8
53. g6 Be8 54. Bf5 Kh8 55. Kf6 b3 56. g7+ Kg8 57. h7# 1-0

[Event "Titled Tuesday 2021.07.06"]
[Site "chess.com INT"]
[Date "2021.07.06"]
[Round "5"]
[White "Sliwicki, D."]
[Black "Yang, Kaiqi"]
[Result "1-0"]
[WhiteElo "2168"]
[BlackElo "2481"]
[PlyCount "65"]
[EventDate "2021.07.06"]
[EventType "swiss (blitz)"]
[EventRounds "11"]
[EventCountry "NET"]
[Source "Mark Crowther"]
[SourceDate "2021.07.12"]

1. e4 d6 2. d4 Nf6 3. Nc3 Nbd7 4. Nf3 e5 5. Bc4 Be7 6. a4 c6 7. O-O O-O 8. h3
a5 9. Ba2 h6 10. Re1 Re8 11. Be3 Bf8 12. Qd2 exd4 13. Bxd4 Qc7 14. Rad1 Ne5 15.
Nh4 Be6 16. Bxe6 Rxe6 17. Nf5 Rae8 18. Qf4 Ng6 19. Qf3 Nd7 20. b3 d5 21. g3
Nde5 22. Qh5 Bb4 23. f4 dxe4 24. fxe5 Nxe5 25. Rxe4 Bxc3 26. Bxc3 Nf3+ 27. Qxf3
Rxe4 28. Rf1 Qb6+ 29. Kh1 Qc7 30. Nxh6+ Kh7 31. Nxf7 Qd7 32. Ng5+ Kg8 33. Qh5
1-0

[Event "Titled Tuesday 2021.07.06"]
[Site "chess.com INT"]
[Date "2021.07.06"]
[Round "6"]
[White "Yang, Kaiqi"]
[Black "Serikbay, Assel"]
[Result "1-0"]
[WhiteElo "2481"]
[BlackElo "2247"]
[PlyCount "69"]
[EventDate "2021.07.06"]
[EventType "swiss (blitz)"]
[EventRounds "11"]
[EventCountry "NET"]
[Source "Mark Crowther"]
[SourceDate "2021.07.12"]

1. Nf3 d5 2. d4 Nf6 3. e3 c5 4. dxc5 Nc6 5. a3 a5 6. c4 e6 7. Nc3 Bxc5 8. cxd5
exd5 9. Be2 O-O 10. O-O d4 11. exd4 Nxd4 12. Nxd4 Bxd4 13. Nb5 Bc5 14. Qxd8
Rxd8 15. Bg5 Bf5 16. Rac1 b6 17. Bf3 Rac8 18. Na7 Rc7 19. Nc6 Re8 20. Bxf6 gxf6
21. b4 axb4 22. axb4 Bf8 23. g4 Bd3 24. Rfe1 Rec8 25. Rcd1 Bb5 26. Nd4 Ba4 27.
Ra1 b5 28. Reb1 Rc4 29. Nf5 Rxb4 30. Bb7 Rc7 31. Rxb4 Bxb4 32. Bd5 Bc3 33. Ra2
Be5 34. Kg2 Bc2 35. Ra8+ 1-0

[Event "Titled Tuesday 2021.07.06"]
[Site "chess.com INT"]
[Date "2021.07.06"]
[Round "8"]
[White "Yang, Kaiqi"]
[Black "Morris-Suzuki, Sophie"]
[Result "1-0"]
[WhiteElo "2481"]
[BlackElo "2043"]
[PlyCount "165"]
[EventDate "2021.07.06"]
[EventType "swiss (blitz)"]
[EventRounds "11"]
[EventCountry "NET"]
[Source "Mark Crowther"]
[SourceDate "2021.07.12"]

1. Nf3 c5 2. g3 b6 3. Bg2 Bb7 4. O-O e6 5. c4 d6 6. Nc3 Nf6 7. d4 cxd4 8. Qxd4
Be7 9. Rd1 a6 10. Bg5 Nbd7 11. Rac1 O-O 12. e4 Qc7 13. b3 Rfe8 14. h3 Rad8 15.
Qe3 Bf8 16. Nd4 h6 17. Bxf6 Nxf6 18. Rc2 Qb8 19. Rcd2 Rc8 20. Nc2 Qc7 21. Na4
Nd7 22. Qe2 Bc6 23. Nc3 d5 24. cxd5 exd5 25. Nxd5 Bxd5 26. Rxd5 Qxc2 27. R5d2
Qc3 28. Rxd7 Bc5 29. Qf3 Qxf3 30. Bxf3 Re6 31. R1d2 Rg6 32. Kg2 Rf6 33. Ra7 b5
34. Rb7 Bb4 35. Re2 Rc3 36. Bg4 g6 37. e5 Rfc6 38. e6 fxe6 39. Bxe6+ Kf8 40.
Rf7+ Ke8 41. Bd5+ Kd8 42. Bxc6 Rxc6 43. Rh7 g5 44. Re4 Bc5 45. Re5 Bb6 46. Rd5+
Kc8 47. Rf5 Rd6 48. Rf8+ Bd8 49. Rhh8 Kc7 50. Rxd8 Rxd8 51. Rxh6 Rd5 52. Rxa6
Kb7 53. Rg6 Kc7 54. h4 gxh4 55. gxh4 Rh5 56. Kg3 Rh8 57. Rg5 Kc6 58. h5 Ra8 59.
a4 bxa4 60. bxa4 Rxa4 61. h6 Ra7 62. f4 Rh7 63. Rg6+ Kd5 64. Kg4 Ke4 65. Kg5
Rf7 66. Rf6 Rh7 67. f5 Ke5 68. Re6+ Kd5 69. Kg6 Rh8 70. h7 Kd4 71. Kg7 Rb8 72.
h8=Q Rxh8 73. Kxh8 Kd5 74. Kg7 Kd4 75. f6 Kd5 76. Re8 Kd4 77. f7 Kc5 78. f8=Q+
Kd5 79. Qf5+ Kd4 80. Qd7+ Kc3 81. Rc8+ Kb3 82. Qb7+ Ka3 83. Ra8# 1-0

[Event "Titled Tuesday 2021.06.29"]
[Site "chess.com INT"]
[Date "2021.06.29"]
[Round "1"]
[White "Yang, Kaiqi"]
[Black "Albuquerque, Wellington S jr"]
[Result "1-0"]
[WhiteElo "2481"]
[BlackElo "2209"]
[PlyCount "89"]
[EventDate "2021.06.29"]
[EventType "swiss (blitz)"]
[EventRounds "11"]
[EventCountry "NET"]
[Source "Mark Crowther"]
[SourceDate "2021.07.05"]

1. e4 c5 2. Nf3 d6 3. Bb5+ Nd7 4. a4 g6 5. Nc3 Bg7 6. O-O Ngf6 7. d4 cxd4 8.
Nxd4 O-O 9. Re1 Qc7 10. Bg5 a6 11. Bxd7 Bxd7 12. Bxf6 exf6 13. Nd5 Qd8 14. a5
Rc8 15. Ra3 Bc6 16. Nb6 Rc7 17. Rd3 Re8 18. Nxc6 Rxc6 19. Qd2 f5 20. exf5 Rxe1+
21. Qxe1 Rxc2 22. g3 Rc5 23. fxg6 hxg6 24. Qd2 Rc6 25. Kg2 Bf6 26. b3 Kg7 27.
h4 Be5 28. Nc4 Qe7 29. Rd5 Bf6 30. Qd3 Rc5 31. Rxd6 Qe1 32. Rd5 Rxd5 33. Qxd5
Qb4 34. Qf3 Qc5 35. Qe4 Qb4 36. h5 gxh5 37. Qd5 Qc3 38. Qxh5 Qxb3 39. Qg4+ Kf8
40. Qc8+ Kg7 41. Qg4+ Kf8 42. Qe4 Kg7 43. Nd6 Qb4 44. Qxb4 Be7 45. Qb6 1-0

[Event "Titled Tuesday 2021.06.29"]
[Site "chess.com INT"]
[Date "2021.06.29"]
[Round "3"]
[White "Yang, Kaiqi"]
[Black "Hardaway, Brewington"]
[Result "0-1"]
[WhiteElo "2481"]
[BlackElo "1907"]
[PlyCount "70"]
[EventDate "2021.06.29"]
[EventType "swiss (blitz)"]
[EventRounds "11"]
[EventCountry "NET"]
[Source "Mark Crowther"]
[SourceDate "2021.07.05"]

1. d4 Nf6 2. c4 e6 3. Nc3 Bb4 4. a3 Bxc3+ 5. bxc3 d5 6. e3 O-O 7. Bd3 c5 8. Ne2
b6 9. cxd5 exd5 10. O-O h6 11. f3 Re8 12. Ra2 Nc6 13. g4 Bb7 14. Ng3 Rc8 15.
Rg2 Rc7 16. h4 Nh7 17. g5 hxg5 18. Nf5 Bc8 19. hxg5 Nxg5 20. Nxg7 Kxg7 21. f4
Kf8 22. Rxg5 f6 23. Rg3 Rg7 24. Rxg7 Kxg7 25. Qh5 Rh8 26. Qg6+ Kf8 27. Kf2 Qe7
28. Rg1 Na5 29. Rg2 Nb3 30. Bb2 Nd2 31. a4 Bh3 32. Rg3 Bf1 33. Bxf1 Ne4+ 34.
Kf3 Nxg3 35. Qxg3 Qe4+ 0-1

[Event "Titled Tuesday 2021.06.29"]
[Site "chess.com INT"]
[Date "2021.06.29"]
[Round "4"]
[White "Yang, Kaiqi"]
[Black "Sarkar, J."]
[Result "1/2-1/2"]
[WhiteElo "2481"]
[BlackElo "2356"]
[PlyCount "73"]
[EventDate "2021.06.29"]
[EventType "swiss (blitz)"]
[EventRounds "11"]
[EventCountry "NET"]
[Source "Mark Crowther"]
[SourceDate "2021.07.05"]

1. e4 e5 2. Nf3 Nc6 3. Bc4 Nf6 4. Ng5 Bc5 5. Bxf7+ Ke7 6. Bb3 Rf8 7. O-O h6 8.
Nf3 Nxe4 9. d4 Nxd4 10. Be3 Nxb3 11. axb3 Bxe3 12. fxe3 d6 13. Nbd2 Nxd2 14.
Qxd2 Bf5 15. Nh4 Bh7 16. Rxf8 Qxf8 17. Rf1 Qg8 18. Qb4 Qd5 19. Nf3 Rf8 20. Qh4+
Rf6 21. Qa4 a6 22. Qb4 Qe4 23. Qc3 Qxc2 24. Qxc2 Bxc2 25. Rc1 Be4 26. Rxc7+ Kf8
27. Nd2 Bc6 28. e4 Rf4 29. g3 Rf7 30. Rc8+ Ke7 31. b4 Kd7 32. Rb8 Kc7 33. Rg8
Kb6 34. Nc4+ Kc7 35. Nd2 Kb6 36. Nc4+ Kc7 37. Nd2 1/2-1/2